Trouve les Brainrot - Statistiques

Statistiques générales
  • Ce quiz a été pris 42 fois
  • Le résultat moyen est 10 sur 62
Statistiques - réponses
Par images Réponse % Correct
Lirili Larila
69%
Cappuccino Assassino
58%
Noobini Pizzanini
58%
Pipi Kiwi
58%
Tim Cheese
54%
Trippi Troppi
54%
Brr Brr Patapim
50%
Boneca Ambalabu
46%
Tralalero Tralala
42%
Ballerina Cappuccina
38%
Cacto Hipopotamo
38%
Gangster Footera
38%
Tung Tung Tung Sahur
38%
Chimpanzini Bananini
31%
Skibidi Toilet
31%
67
27%
Frigo Camelo
27%
Ta Ta Ta Ta Sahur
27%
La Vacca Saturno Saturnita
23%
Strawberry Elephant
23%
Matteo
19%
Avocadini Antilopini
15%
Meowl
15%
Girafa Celestre
12%
Trulimero Trulicina
12%
Bombombini Gusini
8%
Cavallo Virtuoso
8%
Cerberus
8%
Cocofanto Elefanto
8%
Dragon Cannelloni
8%
Glorbo Fruttodrillo
8%
Granny
8%
Karkerkar Kurkur
8%
Odin Din Din Dun
8%
Orcalero Orcala
8%
Pipi Potato
8%
Sigma Boy
8%
Trippi Troppi Troppa Trippa
8%
Bambini Crostini
4%
Blueberrinni Octopusini
4%
Bombardiro Crocodilo
4%
Brri Brri Bicus Dicus Bombicus
4%
Headless Horseman
4%
La Grande Combinasion
4%
Los Tralaleritos
4%
Rhino Toasterino
4%
Torrtuginni Dragonfrutini
4%
W or L
4%
Burguro And Fryuro
0%
Capitano Moby
0%
Chef Crabracadabra
0%
Cooki and Milki
0%
Esok Sekolah
0%
Gorillo Watermelondrillo
0%
Griffin
0%
La Supreme Combinasion
0%
Lionel Cactuseli
0%
Pi Pi Watermelon
0%
Pot Hotspot
0%
Quivioli Ameleonni
0%
Spaghetti Tualetti
0%
Strawberelli Flamingelli
0%
Aucun quiz correspondant
Distribution des résultats
% des personnes avec chaque résultat
Percentile par nombre de réponses
Votre historique - résultats
Vous n’avez pas pris ce quiz